| 000 | 00374nam a2200157Ia 4500 | ||
|---|---|---|---|
| 003 | OSt | ||
| 005 | 20240203095751.0 | ||
| 008 | 170523s9999 xx 000 0 und d | ||
| 020 | _a978-9383746927 | ||
| 040 | _ciimt university meerut | ||
| 100 | _aDHAMEJA- SASTRY | ||
| 245 | 0 | _aFINANCIAL AND ACCOUNTING | |
| 260 | _bWHEELER PUBLICATION | ||
| 260 | _c1996 | ||
| 942 |
_2ddc _c02 |
||
| 999 |
_c262 _d262 |
||